Ultimate flag map - Statistics

General Stats
  • This quiz has been taken 31 times
    18 since last reset
  • The average score is 208 of 366
Answer Stats
Picture Answer % Correct
Abkhazia
100%
Afghanistan
88%
Alaska
88%
Albania
88%
Alberta
88%
Algeria
88%
Andorra
88%
Angola
88%
Argentina
88%
Arizona
88%
Arkansas
88%
Armenia
88%
Australia
88%
Austria
88%
Azerbaijan
88%
Bahamas
88%
Bahrain
88%
Bangladesh
88%
Barbados
88%
Belarus
88%
Belgium
88%
Belize
88%
Benin
88%
Bhutan
88%
Bolivia
88%
Bosnia and Herzegovina
88%
Botswana
88%
Brazil
88%
British Columbia
88%
Brunei
88%
Bulgaria
88%
Burkina Faso
88%
California
88%
Adygea
75%
Alabama
75%
Amazonas
75%
Artsakh
75%
Azawad
75%
Bashkortostan
75%
Buryatia
75%
Cambodia
75%
Cameroon
75%
Canada
75%
Central African Republic
75%
Chad
75%
Chechnya
75%
Chile
75%
China
75%
Colombia
75%
Colorado
75%
Comoros
75%
Costa Rica
75%
Crimea
75%
Mexico
75%
Myanmar
75%
United States
75%
Acre
63%
Antigua and Barbuda
63%
Bahia
63%
Connecticut
63%
Croatia
63%
Cuba
63%
Cyprus
63%
Czech Republic
63%
Dagestan
63%
Delaware
63%
Democratic Republic of the Congo
63%
Denmark
63%
Djibouti
63%
Dominica
63%
Dominican Republic
63%
East Timor
63%
Ecuador
63%
Egypt
63%
El Salvador
63%
Equatorial Guinea
63%
Eritrea
63%
Estonia
63%
Eswatini
63%
Ethiopia
63%
Fiji
63%
Finland
63%
Florida
63%
France
63%
Gabon
63%
Gambia
63%
Georgia
63%
Georgia
63%
Germany
63%
Ghana
63%
Greece
63%
Grenada
63%
Guatemala
63%
Guinea
63%
Guinea Bissau
63%
Guyana
63%
Haiti
63%
Hawaii
63%
Honduras
63%
Hungary
63%
Iceland
63%
Idaho
63%
Illinois
63%
India
63%
Indiana
63%
Indonesia
63%
Ingushetia
63%
Inner Mongolia
63%
Iowa
63%
Iran
63%
Iraq
63%
Ireland
63%
Israel
63%
Italy
63%
Ivory Coast
63%
Jamaica
63%
Japan
63%
Jordan
63%
Kansas
63%
Kazakhstan
63%
Kentucky
63%
Kenya
63%
Kosovo
63%
Kuwait
63%
Kyrgyzstan
63%
Laos
63%
Latvia
63%
Lebanon
63%
Lesotho
63%
Liberia
63%
Libya
63%
Liechtenstein
63%
Lithuania
63%
Louisiana
63%
Luxembourg
63%
Madagascar
63%
Maine
63%
Malawi
63%
Malaysia
63%
Maldives
63%
Mali
63%
Malta
63%
Manitoba
63%
Marshall Islands
63%
Maryland
63%
Massachusetts
63%
Mauritania
63%
Mauritius
63%
Michigan
63%
Micronesia
63%
Mie
63%
Mississippi
63%
Moldova
63%
Monaco
63%
Mongolia
63%
Montana
63%
Montenegro
63%
Morocco
63%
Mozambique
63%
Namibia
63%
Nauru
63%
Nebraska
63%
Nepal
63%
Netherlands
63%
Nevada
63%
New England
63%
New Hampshire
63%
New Jersey
63%
New Mexico
63%
New York
63%
New Zealand
63%
Nicaragua
63%
Niger
63%
Nigeria
63%
North Carolina
63%
North Dakota
63%
North Korea
63%
North Macedonia
63%
North Ossetia–Alania
63%
Norway
63%
Ohio
63%
Oklahoma
63%
Oman
63%
Oregon
63%
Pakistan
63%
Palau
63%
Panama
63%
Papua New Guinea
63%
Pará
63%
Paraguay
63%
Pennsylvania
63%
Peru
63%
Philippines
63%
Poland
63%
Portugal
63%
Qatar
63%
Quebec
63%
Republic of the Congo
63%
Romania
63%
Russia
63%
Rwanda
63%
Saint Kitts and Nevis
63%
Saint Lucia
63%
Saint Vincent and the Grenadines
63%
Sakha
63%
Samoa
63%
San Marino
63%
Saudi Arabia
63%
Senegal
63%
Serbia
63%
Seychelles
63%
Sierra Leone
63%
Singapore
63%
Slovakia
63%
Slovenia
63%
Solomon Islands
63%
Somalia
63%
South Africa
63%
South Carolina
63%
South Dakota
63%
South Korea
63%
South Sudan
63%
Spain
63%
Sri Lanka
63%
Sudan
63%
Suriname
63%
Sweden
63%
Switzerland
63%
Syria
63%
Taiwan
63%
Tajikistan
63%
Tanzania
63%
Tatarstan
63%
Tennessee
63%
Texas
63%
Thailand
63%
Tibet
63%
Togo
63%
Trinidad and Tobago
63%
Tunisia
63%
Turkey
63%
Turkmenistan
63%
Tuva
63%
Udmurtia
63%
Uganda
63%
Ukraine
63%
United Arab Emirates
63%
United Kingdom
63%
Uruguay
63%
Utah
63%
Uzbekistan
63%
Vanuatu
63%
Vatican City
63%
Venezuela
63%
Vermont
63%
Vietnam
63%
Virginia
63%
Washington
63%
West Virginia
63%
Wisconsin
63%
Wyoming
63%
Xinjiang/East Turkestan
63%
Yemen
63%
Zambia
63%
Zimbabwe
63%
Adjara
50%
Aichi
50%
Alagoas
50%
Altai Republic
50%
Cape Verde
50%
Flanders
50%
Hokkaido
50%
Kalmykia
50%
Kiribati
50%
Komi
50%
Mato Grosso
50%
Minnesota
50%
Missouri
50%
New Brunswick
50%
Newfoundland and Labrador
50%
Northwest Territories
50%
Nova Scotia
50%
Nunavut
50%
Ontario
50%
Prince Edward Island
50%
Rhode Island
50%
Rio de Janeiro
50%
Rio Grande do Sul
50%
São Paulo
50%
São Tomé and Príncipe
50%
Saskatchewan
50%
Tokyo
50%
Tuvalu
50%
Wallonia
50%
Amapá
38%
Aomori
38%
Chuvashia
38%
Espírito Santo
38%
Goiás
38%
Karelia
38%
Kyoto
38%
Mato Grosso do Sul
38%
Minas Gerais
38%
Mordovia
38%
Okinawa
38%
Paraná
38%
Pernambuco
38%
Rio Grande do Norte
38%
Tonga
38%
Yukon
38%
Akita
25%
Brasília
25%
Ceará
25%
Chiba
25%
Ehime
25%
Fukuoka
25%
Fukushima
25%
Gifu
25%
Gunma
25%
Hiroshima
25%
Kabardino-Balkaria
25%
Khakassia
25%
Maranhão
25%
Mari El
25%
Nagasaki
25%
Niigata
25%
Osaka
25%
Paraíba
25%
Piauí
25%
Rondônia
25%
Roraima
25%
Saitama
25%
Santa Catarina
25%
Sergipe
25%
Tocantins
25%
Tokushima
25%
Tottori
25%
Toyama
25%
California (Mexico)
13%
Fukui
13%
Hyogo
13%
Ibaraki
13%
Ishikawa
13%
Iwate
13%
Kagawa
13%
Kagoshima
13%
Kanagawa
13%
Karachay-Cherkessia
13%
Kochi
13%
Kumamoto
13%
Miyagi
13%
Miyazaki
13%
Nagano
13%
Nara
13%
Oita
13%
Okayama
13%
Saga
13%
Shiga
13%
Shimane
13%
Shizuoka
13%
Texas (United States)
13%
Tochigi
13%
Wakayama
13%
Yamagata
13%
Yamaguchi
13%
Yamanashi
13%
No matching quizzes found
Score Distribution
Percent of People with Each Score
Percentile by Number Answered
Your Score History
You have not taken this quiz since the last reset